El Campesino - finquero y el potencial económico del campesinado nicaragüense. Tomo 1: Tipología y regionalización agrosocioeconómica de los sistemas de producción y lo sectores sociales en el agro nicaragüense /

Guardado en:
Bibliografiske detaljer
Hovedforfatter: Maldidier, Cristóbal
Institution som forfatter: NITLAPAN-UCA. Instituto de Investigación y Desarrollo de la Universidad Centroaméricana
Andre forfattere: Marchetti, Peter
Format: Texto
Udgivet: Managua: UCA
Tags: Tilføj Tag
Ingen Tags, Vær først til at tagge denne postø!

MARC

LEADER 00000 a a2200000 04500
001 26537
003
040
090 |a 148801  
100 |a Maldidier, Cristóbal  
110 |a NITLAPAN-UCA. Instituto de Investigación y Desarrollo de la Universidad Centroaméricana  
245 |a El Campesino - finquero y el potencial económico del campesinado nicaragüense. Tomo 1: Tipología y regionalización agrosocioeconómica de los sistemas de producción y lo sectores sociales en el agro nicaragüense /  |c Cristóbal Maldidier  
260 |a Managua:   |b UCA  
300 |a 174 p   |b il.  
700 |a Marchetti, Peter  
999 |c 5171  |d 5171